| 000 | 01463cad a22002535a 4500 | ||
|---|---|---|---|
| 001 | E152048 | ||
| 008 | 110131e20110126stk f s000 0 eng d | ||
| 020 | _a9780755999408 | ||
| 022 | 1 | _a0264-1143 | |
| 035 | _a(Sirsi) u152048 | ||
| 041 | 0 | _aeng | |
| 050 | 0 | 4 | _a711.52 $2 18 |
| 110 | 1 |
_aScotland _bScottish Government _95344 |
|
| 245 | 0 | 0 |
_aScottish vacant and derelict land survey 2010 _h[electronic resource] |
| 260 |
_aEdinburgh _bScottish Government _c2011 |
||
| 490 | 0 |
_aScottish Government Statistical Bulletin Planning Series _v(PLG/2011/1) January 2010 |
|
| 520 | _aPresents a summary of results from the 2010 Scottish Vacant and Derelict Land Survey (SVDLS), the 19th in the series. It is the only national data source for vacant and derelict land in Scotland. It highlights that there were 10 771 hectares of derelict and urban vacant land of which 24% were urban vacant and 76% were derelict. Since 2002, there has been an increase in the total amount of derelict and urban vacant (from 10 646 hectares in 2002 to 10 771 hectares in 2010). An average of 537 hectares of derelict and urban vacant land was brought back into use each year since 2002. | ||
| 521 | _aIntroductory | ||
| 590 | _aKA | ||
| 651 | 4 |
_aScotland _y1999- |
|
| 690 | _aPROPERTY-PROPERTY MANAGEMENT-REGENERATION | ||
| 856 | 4 | 0 |
_uhttps://www.scotland.gov.uk/Publications/2011/01/24153858/0 _zView the statistical bulletin free of charge at www.scotland.gov.uk... |
| 942 | _n0 | ||
| 999 |
_c111815 _d111815 |
||